000 00569nam a22001937a 4500
005 20170908120953.0
010 _aENG-120364
020 _a9788122507850
_c160.00
035 _aEN-103896
037 _bDBAD/PUB
082 _aN
100 _aSankrityayan,Rahul
245 _aJai yaudheya /
_cby Rahul Sankrityayan ; translated by Pranshu Prakash
260 _aNew Delhi
_bKitab Mahal
_c2016
270 _a8,Hari Sadan,(G.F.) 20,Ansari Road Daryaganj
_bNew Delhi
_e110002
300 _aiv,242p.
_c22cm(pbk)
700 _aPrakash,Pranshu
942 _2ddc
_cEN
_hN
_mSAN
999 _c144204
_d144204